Operations research (Record no. 5276)

MARC details
000 -LEADER
fixed length control field 00537nam a2200169Ia 4500
003 - CONTROL NUMBER IDENTIFIER
control field SGT
020 ## - INTERNATIONAL STANDARD BOOK NUMBER
International Standard Book Number 9780230638853
082 ## - DEWEY DECIMAL CLASSIFICATION NUMBER
Classification number 658.4034
Item number SHA
100 ## - MAIN ENTRY--PERSONAL NAME
Personal name Sharma,J.K
245 ## - TITLE STATEMENT
Title Operations research
250 ## - EDITION STATEMENT
Edition statement 4th Ed.
260 ## - PUBLICATION, DISTRIBUTION, ETC. (IMPRINT)
Name of publisher, distributor, etc Macmillan Publishers India Limted
Place of publication, distribution, etc New Delhi
Year of Publication 2009
300 ## - PAGE DESCRIPTION
No. of Pages 958p.
650 ## - SUBJECT ADDED ENTRY--TOPICAL TERM
Topical term or geographic name as entry element OPERATION RESEARCH
653 ## - KEYWORDS--INDEX TERM
Keyword term OPERATIONS RESEARCH: INTRODUCTION,LINEAR PROGRAMMING: APPLICATION AND MODEL FORMULATION INTEGER LINEAR PROGRAMMING,GOAL PROGRAMMING TRANSPORTATION PROBLEM
942 ## - ADDED ENTRY ELEMENTS (KOHA)
Source of classification or shelving scheme Dewey Decimal Classification
Koha item type Books
Holdings
Withdrawn status Lost status Source of classification or shelving scheme Damaged status Not for loan Home library Current library Date acquired SGTU Total Checkouts Full call number Accession No. (Barcode) Date last seen Bill Date Koha item type Total Renewals Date last borrowed
    Dewey Decimal Classification     SGT Engineering Library SGT Engineering Library 02/07/2011 SGTU   658.4034 SHA FE3716 09/02/2015 09/02/2015 Books    
    Dewey Decimal Classification     SGT Engineering Library SGT Engineering Library 02/07/2011 SGTU 8 658.4034 SHA FE3717 09/12/2019 09/02/2015 Books 2 23/11/2019
    Dewey Decimal Classification     SGT Engineering Library SGT Engineering Library 02/07/2011 SGTU 5 658.4034 SHA FE3718 11/12/2019 09/02/2015 Books   21/11/2019
    Dewey Decimal Classification     SGT Engineering Library SGT Engineering Library 02/07/2011 SGTU 8 658.4034 SHA FE3719 09/02/2021 09/02/2015 Books 4 22/06/2020
    Dewey Decimal Classification     SGT Engineering Library SGT Engineering Library 02/07/2011 SGTU 7 658.4034 SHA FE3720 16/12/2019 09/02/2015 Books 2 29/11/2019
    Dewey Decimal Classification     SGT Engineering Library SGT Engineering Library 30/05/2013 SGTU 7 658.4034 SHA 5TH FE5831 04/12/2019 09/02/2015 Books 2 01/11/2019
    Dewey Decimal Classification     SGT Engineering Library SGT Engineering Library 30/05/2013 SGTU 11 658.4034 SHA 5TH FE5832 09/04/2026 09/02/2015 Books   20/03/2026
    Dewey Decimal Classification     SGT Engineering Library SGT Engineering Library 30/05/2013 SGTU 9 658.4034 SHA 5TH FE5833 04/12/2019 09/02/2015 Books   18/11/2019
Withdrawn   Dewey Decimal Classification     SGT Engineering Library SGT Engineering Library 30/05/2013 SGTU   658.4034 SHA 5TH FE5834 19/05/2018 09/02/2015 Books    
    Dewey Decimal Classification     SGT Engineering Library SGT Engineering Library 30/05/2013 SGTU 7 658.4034 SHA 5TH FE5835 06/03/2026 09/02/2015 Books   17/02/2026